First countries to use tanks - Statistics

General Stats
  • This quiz has been taken 77 times
    24 since last reset
  • The average score is 8 of 15
Answer Stats
Hint Answer % Correct
1917 France
100%
1916 United Kingdom
100%
1918 Germany
95%
September 12,1918 United States
85%
Late 1918 Canada
60%
Late 1918 Russia
50%
1931 Japan
45%
1919 Poland
45%
1921 Sweden
40%
1927 China
35%
1936 Spain
35%
1939 Finland
25%
1944 Hungary
25%
1940 Belgium
20%
1937 Norway
15%
No matching quizzes found
Score Distribution
Percent of People with Each Score
Percentile by Number Answered
Your Score History
You have not taken this quiz since the last reset